[Event "Stay Safe Play From Home 227"]
[Site "T#646802Emanuel Laske"]
[Date "2020.06.15"]
[Round "3"]
[White "Broken sword"]
[Black "Lamborghini"]
[Result "1-0"]
[WhiteElo "2475"]
[BlackElo "2275"]
[Annotator "TA"]
[PlyCount "135"]
[EventDate "2020.06.15"]
[EventType "swiss (blitz)"]

{[%evp 19,134,14,19,-6,2,-9,-6,-18,0,-18,-12,-11,-12,-20,-11,-16,0,-34,-1,-34,-12,-40,-29,-71,-71,-59,-54,-53,-50,-54,-54,-48,-64,-64,0,-87,-102,-85,-96,-114,-83,-95,-75,-101,-28,-31,0,-81,-58,-130,-30,-233,0,0,0,-216,-61,-61,-61,-65,0,0,0,0,0,0,0,-34,0,0,99,0,351,53,80,0,80,0,0,0,751,-123,996,-60,29978,29979,29983,29984,29986,29987,29990,29988,29991,29985,29985,29986,29986,29987,29992,29993,29993,29994,29994,29994,29994,29995,29995,29996,29996,29996,29996,29997,29998,29997,29998,29999,29999]} 1. d4 Nf6 2. c3 g6 3. Nf3 Bg7 4. Bf4 O-O 5. e3 d6 6. h3 b6 7. Be2 Bb7 8. O-O c5 9. a4 a6 10. Nbd2 Nbd7 11. Ne1 {A48: 1 d4 Nf6 2 Nf3 g6: Torre, London and Colle Systems.} Rc8 12. Bf3 Qc7 13. Qe2 {The position is equal.} Qb8 14. Bg5 Rfe8 15. Bxb7 Qxb7 16. Nef3 h6 17. Bxf6 exf6 18. Qd3 f5 19. Rfe1 Nf6 20. Rac1 Ne4 21. Nc4 d5 $36 {[%mdl 2048] Keeping White busy.} 22. Ncd2 c4 23. Qc2 b5 24. axb5 axb5 25. Nxe4 fxe4 26. Nd2 b4 (26... Bf8 $15) 27. Ra1 (27. b3 $1 $11 {remains equal.}) 27... b3 $17 28. Qd1 Ra8 29. Rb1 Ra2 30. Qe2 f5 31. f3 exf3 (31... Bf6 $17 32. g4 Bh4) 32. gxf3 Kh7 33. Kg2 (33. e4 $11) 33... Qe7 34. Qf2 (34. Kh1 $15) 34... Qg5+ (34... Bf6 $1 $17 {[%cal Rf6h4] Threatens to win with ...Bh4.} 35. Re2 Bh4) 35. Qg3 $2 (35. Kh2 $11) 35... Qxg3+ $2 (35... Rxe3 $19 36. Qxg5 Rxe1) 36. Kxg3 $11 Bf8 {White must now prevent ...Ba3!} 37. f4 $2 {[#]} (37. e4 $11 {and White has nothing to worry.}) 37... Bd6 $2 (37... Ba3 $1 $19 {[%cal Ra3b2][%mdl 512]} 38. Nxc4 (38. bxa3 Rxd2) 38... dxc4 39. bxa3 Rc2) 38. Nf3 $15 g5 $1 39. Ne5 Bxe5 (39... Kg7 $15) 40. fxe5 {[%mdl 4096] Endgame KRR-KRR} Kg6 41. Rf1 Rf8 42. Rf2 h5 43. Rbf1 Ra6 44. Kg2 Re6 (44... h4 $11) 45. Kg3 ({Better is} 45. h4 $16) 45... Ra8 $2 {[%mdl 8192]} (45... h4+ $11 {and Black is okay.} 46. Kh2 Ra6) 46. Kh2 $2 ({White has to play} 46. Rxf5 $18 {Strongly threatening e4!} Ra2 47. R5f2) 46... Rf8 47. Kg2 (47. Ra1 $16) 47... h4 (47... Ra6 $11) 48. Kh2 ({White should play} 48. Ra1 $16) 48... Ree8 $11 49. Rf3 g4 $2 {[%mdl 8192] White stays focused until the end.} (49... Ra8 $11) 50. Rf4 $2 (50. hxg4 $18 Rh8 51. Rxf5) 50... Kg5 $2 {[%mdl 8192]} (50... g3+ $17 51. Kg2 Kg5) 51. Kg2 $2 (51. hxg4 $18 Kg6 52. gxf5+ Kf7 53. e4 dxe4 54. Rxe4) 51... Re6 $2 {[%mdl 8192]} (51... g3 $15) 52. hxg4 {White mates.} Rg6 53. gxf5 Rgg8 54. Kh3 Kh5 55. Rxh4+ Kg5 56. Rg4+ Kh5 57. Rxg8 Rxg8 {KR-KR} 58. f6 Rg4 59. f7 Re4 60. f8=Q Rxe3+ 61. Rf3 Rxf3+ 62. Qxf3+ {[%mdl 64] Double Attack} Kg5 63. Qg4+ Kh6 64. Kg3 Kh7 65. Kf4 Kh6 66. Kf5 {[%csl Gf5][%cal Rg4g6]} Kh7 67. Kf6 {[%csl Gf6][%cal Rg4g7]} Kh8 68. Qg7# {Accuracy: White = 50%, Black = 52%.} 1-0

[Event "Stay Safe Play From Home 227"]
[Site "T#646802Emanuel Laske"]
[Date "2020.06.15"]
[Round "3"]
[White "SoulofWolf"]
[Black "little champs"]
[Result "0-1"]
[WhiteElo "2214"]
[BlackElo "2255"]
[Annotator "TA"]
[PlyCount "76"]
[EventDate "2020.06.15"]
[EventType "swiss (blitz)"]

{[%evp 9,76,-33,-10,0,1,-325,-18,-187,0,-4,0,-41,-25,-43,-30,-81,-12,-16,-27,-177,-153,-221,-27,-31,-39,-42,-33,-85,-82,-137,-130,-322,-308,-320,-293,-356,-349,-341,-331,-310,-284,-315,-289,-362,-365,-400,-394,-416,-427,-436,-418,-428,-430,-432,-428,-1004,-209,-413,-352,-354,-324,-635,-703,-1360,-1348,-5306,-5306,-29993,-29994]} 1. d4 d5 2. Nf3 c6 3. c4 Nf6 4. b3 e6 5. Bg5 Be7 6. e3 {D11: Slav Defence: 3 Nf3 sidelines and 3...Nf6 4 e3 Bg4.} O-O 7. Nc3 $2 {[%mdl 8192] [#]} (7. Bd3 $11) 7... Nbd7 $2 (7... Bb4 $19 8. Qc2 Qa5) 8. Bd3 $2 (8. a3 $11) 8... b6 $2 (8... Bb4 $19 9. Rc1 Qa5) 9. Qc2 Bb7 {[#]} 10. a4 $146 ({Predecessor:} 10. O-O h6 11. Bh4 Rc8 12. Rad1 c5 13. Qe2 Qc7 14. Bg3 Bd6 15. Nb5 Bxg3 16. Nxc7 Bxc7 17. cxd5 Nxd5 {1-0 (70) Steiner,M (1650)-Mayer,A Stuttgart 2004}) 10... h6 11. Bh4 c5 12. a5 (12. O-O $11 {remains equal.}) 12... Rc8 (12... cxd4 $17 13. exd4 dxc4 14. bxc4 Bxf3 15. gxf3 bxa5) 13. a6 $11 Ba8 14. Qe2 (14. O-O $11 {and White has nothing to worry.}) 14... cxd4 $19 15. Nxd4 (15. Nb5 $17 dxe3 16. Nxa7) 15... Ne4 $2 (15... Bb4 $19 16. Rc1 e5) 16. Bxe7 $11 Qxe7 17. Nxe4 dxe4 18. Bb1 (18. Bc2 $15) 18... Nc5 $36 {[%mdl 2048] Black is on the roll. Black keeps a firm grip on the game.} 19. O-O {[#]} (19. Bc2 $142) 19... e5 $1 {[%cal Re5d4]} 20. b4 $2 (20. Nf5 $17 {might work better.} Qf6 21. b4 Qxf5 22. bxc5 Rxc5 23. Rd1) 20... exd4 $19 21. bxc5 bxc5 22. Qg4 f5 23. Qf4 Qe6 24. exd4 cxd4 {[%cal Bc5d4,Bd4d3][%mdl 32]} 25. Ba2 Kh8 26. c5 Qf6 ({Don't take} 26... Qxa6 27. Bb3 $19) 27. Rac1 d3 28. Rfd1 Rfd8 29. h4 Bd5 30. Rd2 Bxa2 31. Rxa2 Rc6 32. g4 (32. Ra5 $142) 32... Rdc8 $2 (32... Qxh4 {Strongly threatening ...Rg6!} 33. Qg3 Qxg3+ 34. fxg3 e3) 33. g5 $2 (33. gxf5 Rxc5 34. Rxc5 Rxc5 35. Qxe4) 33... hxg5 34. hxg5 Qe6 35. Qh4+ $2 (35. Rb2) 35... Kg8 36. Rb2 e3 37. Rb7 d2 38. g6 Qxg6+ {Accuracy: White = 21%, Black = 67%.} 0-1

[Event "Stay Safe Play From Home 227"]
[Site "T#646802Emanuel Laske"]
[Date "2020.06.15"]
[Round "3"]
[White "Lazieri3"]
[Black "Ironmike"]
[Result "1-0"]
[WhiteElo "2118"]
[BlackElo "1860"]
[Annotator "TA"]
[PlyCount "91"]
[EventDate "2020.06.15"]
[EventType "swiss (blitz)"]

{[%evp 9,90,-45,29,-89,-91,-91,-75,-94,-92,-97,-97,-116,-111,-113,-96,-90,-98,-115,-97,-97,-77,-83,-66,-80,-71,-96,-63,-82,-65,-75,-69,-89,-38,-88,-74,-104,-97,-103,0,0,0,0,0,0,0,0,17,17,10,7,31,31,69,13,89,89,89,89,117,131,164,112,112,105,105,105,105,89,29981,89,89,89,89,89,89,89,89,89,89,0,89,89,29999]} 1. e4 b6 2. Nc3 Bb7 3. d4 e6 4. Nf3 Bb4 5. Bg5 Ne7 {[#]} (5... Bxc3+ $15 6. bxc3 f6) 6. a3 $146 {B00: Queen's Fianchetto Defence, Nimzowitsch Defence.} (6. Bd3 $11) ({Predecessor:} 6. Bd3 h6 7. Bf4 d5 8. e5 c5 9. O-O Bxc3 10. bxc3 Ba6 11. Ne1 Qc8 12. Qg4 g5 {1-0 (32) Estoyanoff,G (1525)-Vinella,M (1738) Montevideo 2018}) 6... Bxc3+ $1 $17 7. bxc3 f6 8. Be3 {Black is better.} Bxe4 9. Bd3 Bxd3 10. Qxd3 d5 11. c4 dxc4 12. Qxc4 Qd5 13. Qd3 O-O 14. c4 Qc6 15. O-O Nd7 16. Rfd1 Rad8 17. Qe2 e5 18. dxe5 Nxe5 19. Nxe5 fxe5 20. h3 Qf6 (20... Nf5 $17 21. Rxd8 Rxd8) 21. Qh5 Nf5 22. Bg5 Rxd1+ 23. Rxd1 Qg6 (23... Qc6 $17 24. Qe2 h6) 24. Qxg6 $11 hxg6 {[%mdl 4096] Endgame KRB-KRN} 25. Rd7 Rf7 26. Rd8+ Kh7 27. c5 a5 28. cxb6 cxb6 29. Rb8 Nd6 30. Rxb6 Nc4 31. Ra6 (31. Rb3 $14) 31... Nxa3 (31... Rb7 $11) 32. Rxa5 $16 Nc4 33. Rc5 Nd6 34. Rxe5 Rb7 35. Be3 (35. Rd5 $18 Ne4 36. Be3) 35... Nc4 36. Re6 Rb1+ 37. Kh2 Nxe3 38. Rxe3 {KR-KR} Re1 $2 {[%mdl 8192] [#]} (38... g5 $16 39. Re6 Rb2) 39. Rf3 $2 (39. Rxe1 {mates} Kh6 40. Kg3 g5 41. Re6+ Kh7 42. Kg4 Kg8 43. Kxg5 Kf7 44. Re4) 39... g5 40. Kg3 Kg6 41. Rd3 Re5 42. Re3 Rf5 43. Rf3 {aiming for Rxf5.} Ra5 44. Re3 ({Better is} 44. Rb3 $16) 44... Kh5 (44... Rf5 $1 $11) 45. Re7 g6 $2 {[%mdl 8192] [#]} (45... Ra3+ $16 46. Re3 Ra6) 46. Rh7# {Accuracy: White = 68%, Black = 60%.} 1-0

[Event "Stay Safe Play From Home 227"]
[Site "T#646802Emanuel Laske"]
[Date "2020.06.15"]
[Round "3"]
[White "Haxhi Baha"]
[Black "Mepe_Nika"]
[Result "0-1"]
[WhiteElo "1952"]
[BlackElo "2292"]
[Annotator "TA"]
[PlyCount "74"]
[EventDate "2020.06.15"]
[EventType "swiss (blitz)"]

{[%evp 11,73,35,35,31,52,12,34,17,19,26,25,24,29,25,58,58,64,78,65,0,26,0,0,0,0,0,43,-20,85,83,120,109,114,111,271,214,258,190,216,256,339,296,320,311,318,194,176,174,161,0,139,0,179,0,122,-69,8,0,0,-29992,-29991,-29993,-29994,-29999]} 1. e4 g6 2. d4 Bg7 3. Nc3 d6 4. Be3 Nd7 5. Qd2 c6 6. Be2 b5 7. a3 {B06: Modern Defence.} Nb6 {[#]} 8. f4 $146 ({Predecessor:} 8. b3 a5 9. Nf3 Nf6 10. Bd3 O-O 11. h3 Qc7 12. Bh6 e5 13. O-O Bd7 14. Qe3 exd4 15. Nxd4 {0-1 (57) Pandavos,E (2330)-Skalkotas,N (2315) Athens 1997}) 8... Nc4 9. Bxc4 {White is slightly better.} bxc4 10. Nf3 Rb8 11. Rb1 d5 12. e5 Bg4 13. O-O Bxf3 14. Rxf3 (14. gxf3 $6 Nh6 $11) 14... e6 15. Qf2 (15. b3 $14) 15... Ne7 16. g4 h5 17. h3 $1 hxg4 18. hxg4 Qd7 19. Qg2 (19. Na4 $14) 19... Kd8 (19... c5 $11) 20. Na4 $16 Rb5 21. Nc5 Rxc5 22. dxc5 Kc7 $2 (22... g5 $16 {might work better.}) 23. b4 d4 24. Rd1 d3 25. cxd3 cxd3 26. Bf2 Nd5 27. Rfxd3 g5 28. f5 {f6 is the strong threat.} Bxe5 29. fxe6 Qxe6 30. Bg3 $2 (30. Qf3 $1 $18) 30... Bf4 (30... Bxg3 $1 $11 {keeps the balance.} 31. Qxg3+ Nf4) 31. Qf2 ({Don't play} 31. b5 Bxg3 32. b6+ (32. Rxg3 Ne3 $11) (32. Qxg3+ Nf4 $14) 32... axb6 $16) ({White must play} 31. Re1 $1 $16 {[%cal Re1e6]} Qxg4 32. Bxf4+ Qxf4 33. Rf3 Qd4+ 34. Qf2 Qg4+ 35. Qg3+ Qxg3+ 36. Rxg3) 31... Qe4 $2 {[#]} (31... Qxg4 $11 32. Qf3 Qe6) 32. Qg2 (32. Qf3 $1 $18 {[%cal Rf3e4]} Qxf3 33. Rxf3) 32... Qe6 $1 {[#]} 33. Bxf4+ $2 (33. Re1 $1 $16 {[%cal Re1e6]} Qxg4 34. Bxf4+ Qxf4 35. Rf3 Qd4+ 36. Qf2 Qg4+ 37. Qg3+ Qxg3+ 38. Rxg3) 33... gxf4 ({Black should try} 33... Nxf4 $15 34. Rd7+ (34. Qg3 $2 Rh3 $19) 34... Kc8) 34. Rxd5 cxd5 35. Rxd5 $2 {[%mdl 8192]} (35. Qf3 $11) 35... Qe1+ {Black mates.} 36. Qf1 {[#]} Rh1+ $1 {[%mdl 576] Skewer} 37. Kg2 (37. Kxh1 Qxf1+) 37... Qxf1# {What a bad dream for White. Accuracy: White = 49%, Black = 49%.} 0-1

[Event "Stay Safe Play From Home 227"]
[Site "T#646802Emanuel Laske"]
[Date "2020.06.15"]
[Round "3"]
[White "EL sanbary"]
[Black "Golem974"]
[Result "1-0"]
[WhiteElo "1906"]
[BlackElo "1599"]
[Annotator "NA RC"]
[PlyCount "47"]
[EventDate "2020.06.15"]
[EventType "swiss (blitz)"]

1. c4 {[%emt 0:00:01]} c6 {[%emt 0:00:01]} 2. g3 {[%emt 0:00:01]} d5 {[%emt 0:00:00]} 3. cxd5 {[%emt 0:00:01]} cxd5 {[%emt 0:00:01]} 4. d4 {[%emt 0:00:01]} Nc6 {[%emt 0:00:00]} 5. Bg2 {[%emt 0:00:01]} Nf6 {[%emt 0:00:00]} 6. Nf3 {[%emt 0:00:01]} Bf5 {[%emt 0:00:00]} 7. O-O {[%emt 0:00:01]} Qb6 {[%emt 0:00:00]} 8. Nc3 {[%emt 0:00:01]} e6 {[%emt 0:00:01]} 9. b3 {[%emt 0:00:01]} Rc8 {[%emt 0:00:01]} 10. Be3 {[%emt 0:00:02]} Bb4 {[%emt 0:00:01]} 11. Na4 {[%emt 0:00:01]} Qa5 {[%emt 0:00:03]} 12. Ne5 {[%emt 0:00:01]} Ba3 {[%emt 0:00:05]} 13. Nxc6 {[%emt 0:00:03]} Rxc6 {[%emt 0:00:03]} 14. Nc5 {[%emt 0:00:02]} b6 {[%emt 0:00:12]} 15. Nd3 {[%emt 0:00:07]} Ne4 {[%emt 0:00:07]} 16. Ne5 {[%emt 0:00:03]} Rc8 {[%emt 0:00:05]} 17. f3 {[%emt 0:00:01]} Nd6 {[%emt 0:00:06]} 18. g4 {[%emt 0:00:01]} Bc2 {[%emt 0:00:04]} 19. Qd2 {[%emt 0:00:01]} Qxd2 {[%emt 0:00:03]} 20. Bxd2 {[%emt 0:00:00]} Bb2 {[%emt 0:00:01]} 21. Rae1 {[%emt 0:00:02]} Bxd4+ {[%emt 0:00:02]} 22. Kh1 {[%emt 0:00:01]} Bxe5 {[%emt 0:00:01]} 23. e4 {[%emt 0:00:01]} d4 {[%emt 0:00:01]} 24. f4 {[%emt 0:00:01] Temps (Lag: Av=0.45s, max=0.6s)} 1-0

[Event "Stay Safe Play From Home 227"]
[Site "T#646802Emanuel Laske"]
[Date "2020.06.15"]
[Round "3"]
[White "Zitnik"]
[Black "Toosieslide"]
[Result "0-1"]
[WhiteElo "1847"]
[BlackElo "2293"]
[Annotator "TA"]
[PlyCount "92"]
[EventDate "2020.06.15"]
[EventType "swiss (blitz)"]

{[%evp 13,92,0,21,0,39,-24,32,27,41,37,37,39,31,17,14,0,14,14,23,16,17,17,180,0,0,0,0,0,0,0,0,0,38,45,43,15,10,16,43,0,0,0,22,15,279,4,272,55,530,331,305,283,298,305,295,298,298,0,0,0,0,-29965,-12839,-29982,-29983,-29984,-29985,-29985,-29986,-29991,-29992,-29992,-29993,-29997,-29992,-29992,-29992,-29993,-29994,-29994,-29995]} 1. d4 d5 2. c4 c6 3. Nf3 Nf6 4. g3 e6 5. Bg2 Nbd7 6. O-O Bd6 7. Nc3 O-O 8. a4 {E01: Catalan: Early deviations.} b6 {[#]} 9. Bg5 $146 ({White should try} 9. Nd2 $14) ({Predecessor:} 9. a5 bxa5 10. c5 Bc7 11. Qa4 Bb7 12. Bf4 Re8 13. Bxc7 Qxc7 14. Qxa5 Qxa5 15. Rxa5 {1-0 (30) Soares,E (2171)-Alnami,S (1786) Hammamet 2012}) 9... Bb7 (9... h6 $11 10. cxd5 cxd5) 10. e4 {Threatens to win with e5.White is slightly better.} dxe4 {[#]} 11. Nxe4 $1 {[%mdl 512]} Be7 $1 (11... Nxe4 12. Bxd8) 12. Nxf6+ Bxf6 13. Bxf6 Qxf6 14. Qc2 c5 15. Ne5 Bxg2 16. Nxd7 Qf3 17. Nxf8 {aiming for Ra3.} Rxf8 $2 (17... Bxf1 $11 18. Qxh7+ (18. Rxf1 Rxf8 19. dxc5 bxc5 $11) 18... Kxf8 19. Rxf1 cxd4) 18. Qc3 $2 (18. Ra3 $18 Qb7 19. Rd1) 18... Qxc3 $11 19. bxc3 Bxf1 20. Kxf1 cxd4 21. cxd4 {[%mdl 4096] Endgame KR-KR} Rd8 22. Rd1 Kf8 23. Ke2 Ke7 24. Ke3 e5 25. d5 Kd6 26. f4 exf4+ 27. gxf4 Rc8 28. Kd4 a6 $2 {[%mdl 8192]} (28... Re8 $1 $11 {and Black stays safe.}) 29. Re1 $2 (29. Rb1 $18) 29... Rc7 $2 {[%mdl 8192]} (29... b5 $1 $11 {and Black is okay.} 30. axb5 (30. cxb5 axb5 31. axb5 Rc5 $11) 30... axb5 31. cxb5 Rc5) 30. Rg1 $2 ({White has to play} 30. Rb1 $18) 30... f6 $2 {[%mdl 8192]} ({Black should play} 30... Rc5 $14) 31. Re1 Re7 32. Rxe7 {[%mdl 64] Overworked Piece} Kxe7 $18 {KP-KP} 33. c5 bxc5+ 34. Kxc5 {Strongly threatening Kc6.} Kd7 {[#]} 35. d6 $2 (35. Kb6 $1 $18) 35... g5 $11 36. fxg5 $1 fxg5 {K3P-K3P} 37. Kb6 $2 {[%mdl 8192]} (37. a5 $11) 37... h5 (37... Kxd6 $142 38. Kxa6 Kc6 39. Ka5 Kc5 40. Ka6 Kc6 41. Ka5 Kc5 42. Ka6 Kc6) 38. Kxa6 $19 {K3P-KPP} g4 {Black mates.} 39. Kb7 h4 40. a5 g3 41. a6 gxh2 42. a7 h1=Q+ 43. Kb8 Kxd6 44. a8=Q Qxa8+ 45. Kxa8 h3 46. Kb7 h2 {Accuracy: White = 50%, Black = 55%.} 0-1

[Event "Stay Safe Play From Home 227"]
[Site "T#646802Emanuel Laske"]
[Date "2020.06.15"]
[Round "3"]
[White "Masler"]
[Black "Edmatuag"]
[Result "1-0"]
[WhiteElo "1817"]
[BlackElo "1704"]
[Annotator "NA RC"]
[PlyCount "89"]
[EventDate "2020.06.15"]
[EventType "swiss (blitz)"]

1. d4 {[%emt 0:00:01]} d6 {[%emt 0:00:00]} 2. Bg5 {[%emt 0:00:01]} Nf6 {[%emt 0:00:00]} 3. Bxf6 {[%emt 0:00:01]} exf6 {[%emt 0:00:01]} 4. e3 {[%emt 0:00:00]} Be6 {[%emt 0:00:01]} 5. Be2 {[%emt 0:00:00]} c6 {[%emt 0:00:01]} 6. Bg4 {[%emt 0:00:00]} Bxg4 {[%emt 0:00:02]} 7. Qxg4 {[%emt 0:00:00]} Qd7 {[%emt 0:00:00]} 8. Qxd7+ {[%emt 0:00:01]} Nxd7 {[%emt 0:00:01]} 9. Nf3 {[%emt 0:00:00]} g6 {[%emt 0:00:01]} 10. c3 {[%emt 0:00:00]} Bg7 {[%emt 0:00:00]} 11. Nbd2 {[%emt 0:00:00]} O-O {[%emt 0:00:01]} 12. Nc4 {[%emt 0:00:01]} Rfe8 {[%emt 0:00:00]} 13. Nxd6 {[%emt 0:00:01]} Reb8 {[%emt 0:00:01]} 14. Nc4 {[%emt 0:00:01]} Nb6 {[%emt 0:00:01]} 15. Ncd2 {[%emt 0:00:00]} Nd5 {[%emt 0:00:01]} 16. Nb3 {[%emt 0:00:02]} b5 {[%emt 0:00:01]} 17. Nc5 {[%emt 0:00:02]} a5 {[%emt 0:00:02]} 18. Nd7 {[%emt 0:00:02]} Rd8 {[%emt 0:00:03]} 19. Nc5 {[%emt 0:00:01]} Bf8 {[%emt 0:00:01]} 20. Nd3 {[%emt 0:00:02]} Rac8 {[%emt 0:00:03]} 21. O-O {[%emt 0:00:01]} c5 {[%emt 0:00:01]} 22. e4 {[%emt 0:00:01]} Nb6 {[%emt 0:00:03]} 23. dxc5 {[%emt 0:00:01]} Bxc5 {[%emt 0:00:02]} 24. Nxc5 {[%emt 0:00:01]} Rxc5 {[%emt 0:00:01]} 25. Rfe1 {[%emt 0:00:02]} Nc4 {[%emt 0:00:01]} 26. Re2 {[%emt 0:00:03]} Ne5 {[%emt 0:00:03]} 27. Nxe5 {[%emt 0:00:02]} fxe5 {[%emt 0:00:00]} 28. f3 {[%emt 0:00:01]} Rc6 {[%emt 0:00:02]} 29. Kf2 {[%emt 0:00:01]} Rcd6 {[%emt 0:00:01]} 30. Rae1 {[%emt 0:00:00]} b4 {[%emt 0:00:02]} 31. cxb4 {[%emt 0:00:02]} axb4 {[%emt 0:00:00]} 32. b3 {[%emt 0:00:01]} Rd3 {[%emt 0:00:01]} 33. Re3 {[%emt 0:00:01]} Rd2+ {[%emt 0:00:02]} 34. R1e2 {[%emt 0:00:01]} Rd1 {[%emt 0:00:00]} 35. h3 {[%emt 0:00:02]} Kg7 {[%emt 0:00:01]} 36. Rc2 {[%emt 0:00:02]} Kf6 {[%emt 0:00:02]} 37. Re1 {[%emt 0:00:01]} R1d3 {[%emt 0:00:03]} 38. Re3 {[%emt 0:00:03]} Rd1 {[%emt 0:00:02]} 39. Ke2 {[%emt 0:00:03]} h5 {[%emt 0:00:02]} 40. Rc4 {[%emt 0:00:04]} Rg1 {[%emt 0:00:02]} 41. Kf2 {[%emt 0:00:01]} Rdd1 {[%emt 0:00:01]} 42. Re2 {[%emt 0:00:01]} h4 {[%emt 0:00:01]} 43. Ke3 {[%emt 0:00:02]} Ra1 {[%emt 0:00:03]} 44. Rcc2 {[%emt 0:00:01]} Rgf1 {[%emt 0:00:02]} 45. Rc6+ {[%emt 0:00:00] Time (Lag: Av=0.70s, max=1.0s)} 1-0

[Event "Stay Safe Play From Home 227"]
[Site "T#646802Emanuel Laske"]
[Date "2020.06.15"]
[Round "3"]
[White "Trotsky"]
[Black "Bishop91"]
[Result "1-0"]
[WhiteElo "1525"]
[BlackElo "1672"]
[Annotator "NA RC"]
[PlyCount "31"]
[EventDate "2020.06.15"]
[EventType "swiss (blitz)"]

1. d4 {[%emt 0:00:04]} c6 {[%emt 0:00:00]} 2. e3 {[%emt 0:00:01]} d5 {[%emt 0:00:01]} 3. c4 {[%emt 0:00:01]} Nf6 {[%emt 0:00:02]} 4. Nc3 {[%emt 0:00:01]} e6 {[%emt 0:00:01]} 5. Qc2 {[%emt 0:00:01]} Be7 {[%emt 0:00:01]} 6. Nf3 {[%emt 0:00:01]} O-O {[%emt 0:00:01]} 7. c5 {[%emt 0:00:00]} Nbd7 {[%emt 0:00:02]} 8. Bd3 {[%emt 0:00:01]} Qc7 {[%emt 0:00:01]} 9. Ng5 {[%emt 0:00:01]} h6 {[%emt 0:00:02]} 10. h4 {[%emt 0:00:01]} e5 {[%emt 0:00:02]} 11. Bd2 {[%emt 0:00:02]} e4 {[%emt 0:00:01]} 12. Ncxe4 {[%emt 0:00:01]} dxe4 {[%emt 0:00:01]} 13. Bxe4 {[%emt 0:00:01]} Nxe4 {[%emt 0:00:01]} 14. Qxe4 {[%emt 0:00:01]} hxg5 {[%emt 0:00:03]} 15. hxg5 {[%emt 0:00:02]} Bxg5 {[%emt 0:00:01]} 16. Qh7# {[%emt 0:00:01] (Lag: Av=0.21s, max=0.7s)} 1-0

[Event "Stay Safe Play From Home 227"]
[Site "T#646802Emanuel Laske"]
[Date "2020.06.15"]
[Round "4"]
[White "Toosieslide"]
[Black "Mepe_Nika"]
[Result "0-1"]
[WhiteElo "2295"]
[BlackElo "2297"]
[Annotator "TA"]
[PlyCount "56"]
[EventDate "2020.06.15"]
[EventType "swiss (blitz)"]

{[%evp 13,55,5,-5,-133,-128,-130,-138,-120,-16,-21,43,42,41,35,51,52,85,20,50,49,69,56,148,0,0,-23,98,-145,-154,-133,-141,-164,-62,-156,-81,-201,-187,-437,-429,-407,-328,-702,-519,-29999]} 1. d4 c5 2. d5 d6 3. c4 g6 4. Nc3 Bg7 5. e4 Nf6 6. f4 O-O 7. Nf3 e6 $1 8. Be3 {E76: King's Indian: Four Pawns Attack: Lines specific to 6 Nf3 move-order.} (8. dxe6 $1 $11 {was the only way to keep the balance.} Bxe6 9. Bd3) 8... exd5 $1 $17 9. cxd5 Re8 10. Bd3 {Black is clearly better.} Bg4 ({Black should try} 10... Nxe4 $17 11. Nxe4 f5) 11. O-O $11 Nbd7 (11... Nxe4 $11 12. Nxe4 f5 13. Nxd6 Qxd6) 12. h3 $14 Bxf3 13. Qxf3 Rb8 14. a4 a6 {[#]} 15. Rad1 $146 (15. a5 $16) ({Predecessor:} 15. a5 Qc7 16. Bc2 b5 17. axb6 Nxb6 18. Rxa6 Nc4 19. Ba4 Nxe3 20. Bxe8 Nxf1 21. Qxf1 Nxe8 22. Qc1 {0-1 (35) Da Silva,A (1531)-Pedroso,D (1852) Porto Alegre 2018}) 15... b5 16. axb5 axb5 17. Bxb5 (17. e5 $5 dxe5 18. Bxb5 $16) 17... Nh5 (17... Nxe4 $1 $14 18. Nxe4 Rxe4 19. Qxe4 Rxb5) 18. Bd3 ({White should play} 18. g4 $16 Bxc3 19. Bxd7 (19. bxc3 Rxb5 20. gxh5 Qf6 $11) (19. gxh5 Bxb2 20. Bc6 Rb3 $11) 19... Qxd7 20. bxc3) 18... Rxb2 $11 19. Ne2 Qh4 {[#]} (19... Nhf6 $11) 20. Qg4 $2 (20. g4 $1 $16 {[%cal Rg4h5] keeps the pressure on.} Nhf6 21. Bf2) 20... Qxg4 $17 21. hxg4 {[#]} Nhf6 $1 {[%mdl 64] Double Attack} 22. Bc1 Rb3 (22... Rb4 $19 23. Bd2 Rb3) 23. Bc2 (23. e5 $1 $15 dxe5 24. g5) 23... Rbb8 (23... Rb4 $142 24. e5 Nxg4) 24. Ng3 (24. e5 $17) 24... Nxg4 $19 25. Rfe1 $2 (25. e5 {keeps fighting.}) 25... Bd4+ 26. Kf1 Ndf6 27. Bd2 $2 {[#]} (27. Re2) 27... Nxd5 $1 {[%mdl 512]} 28. exd5 (28. Ba4 $19 Re7 29. Bc6 Nge3+ 30. Bxe3 Nxe3+ 31. Rxe3 Bxe3 32. Ne2) 28... Nh2# {Accuracy: White = 29%, Black = 42%.} 0-1

[Event "Stay Safe Play From Home 227"]
[Site "T#646802Emanuel Laske"]
[Date "2020.06.15"]
[Round "4"]
[White "little champs"]
[Black "Broken sword"]
[Result "1-0"]
[WhiteElo "2270"]
[BlackElo "2483"]
[Annotator "TA"]
[PlyCount "51"]
[EventDate "2020.06.15"]
[EventType "swiss (blitz)"]

{[%evp 9,51,18,18,1,10,7,7,3,11,-13,-7,-91,0,0,274,266,381,380,375,206,212,206,250,254,260,259,518,504,507,495,592,373,676,671,697,584,29983,29984,29984,29984,5457,499,29997,29995]} 1. d4 d5 2. e3 c6 3. Nf3 Nf6 4. Be2 Bg4 5. O-O Nbd7 6. Nfd2 {[#] D04: Colle System.} Bf5 $146 ({Predecessor:} 6... Bxe2 7. Qxe2 e6 8. c3 Be7 9. e4 dxe4 10. Nxe4 Nxe4 11. Qxe4 O-O 12. Bf4 Nf6 {½-½ (23) Melnichuk,M (2310)-Burdalev,K (2250) Ukraine 2010}) 7. c4 e6 8. Nc3 {The position is equal.} Bd6 9. f3 Qc7 10. h3 {[#]} (10. f4 $11 {keeps the balance.}) 10... Bh2+ (10... Bxh3 $1 $17 {[%mdl 512] White must now prevent ...Bh2+.} 11. f4 (11. gxh3 Bh2+ 12. Kh1 Qg3 $15) 11... Bf5) 11. Kh1 $11 Nh5 $2 {[%mdl 8192] Black is on the road to losing.} (11... Qg3 $11 12. Qe1 Qxe1 13. Rxe1 Bg3) 12. f4 $18 Bxf4 (12... Ng3+ {keeps fighting.} 13. Kxh2 Nxf1+ 14. Qxf1 Nf6) 13. Bxh5 ({Weaker is} 13. Rxf4 Nxf4 14. exf4 Nf6 $16) ({Less strong is} 13. exf4 Ng3+ 14. Kg1 Nxf1 $16) 13... Bxe3 14. Nf3 (14. Qe2 $142 Bxd4 15. Rxf5) 14... Bxc1 15. Rxc1 ({Much less strong is} 15. Qxc1 $6 Nf6 $16) 15... Nf6 16. Ne5 O-O 17. cxd5 cxd5 $2 {[#]} (17... Nxh5 {was necessary.} 18. Qxh5 f6) 18. Nxd5 $1 {[%mdl 512]} Qd8 (18... exd5 19. Rxc7) 19. Nxf6+ Qxf6 20. Bg4 Rfd8 $2 (20... Bxg4 21. Qxg4 Qe7) 21. Rc7 {[%cal Bc1c7,Bc7f7,Bf7f5][%mdl 32]} Rac8 22. Rxf7 Qg5 23. Bxf5 exf5 24. R7xf5 Qg3 {[#]} 25. Qb3+ (25. Rg5 $142 $3 {[%mdl 512]} Qxe5 (25... Qxg5 26. Qb3+) 26. Rxe5) 25... Kh8 (25... Qxb3 $18 26. axb3 Rxd4) 26. Qxg3 {Accuracy: White = 60%, Black = 27%.} 1-0